Score 0/11 Timer 01:00
0 Plays Today
% Correct
Green
96.7%
Orange
96.7%
Red
95.8%
Blue
95.1%
White
94.8%
Yellow
92.7%
Violet
91.4%
Gray
91.1%
Black
90.7%
Brown
88.3%
Pink
84.1%

Today's Daily Dose

You're not logged in!

Compare scores with friends on all Sporcle quizzes.
OR
Log In

Sporcle TV

Today on Sporcle TV


Watch our educational content, quiz creation guides, and fun videos on Sporcle TV.

Show Comments

Extras

Top Quizzes Today


Score Distribution

Your Account Isn't Verified!

In order to create a playlist on Sporcle, you need to verify the email address you used during registration. Go to your Sporcle Settings to finish the process.

Report this User

Report this user for behavior that violates our Community Guidelines.

Details: